Family Business Under Oligopolistic Conditions
Špecifické znaky, silné a slabé stránky rodinných podnikov. Skúmanie rodinného podniku v oblasti drogérie. Porovnanie s ostatnými členmi trhu.
Salvato in:
| Autore principale: | |
|---|---|
| Natura: | Capitolo di libro |
| Lingua: | slovacco |
| Soggetti: | |
| Tags: |
Nessun Tag, puoi essere il primo ad aggiungerne!!
|
MARC
| LEADER | 00000naa$a2200000$$$4500 | ||
|---|---|---|---|
| 001 | 0254487 | ||
| 005 | 20240502074052.7 | ||
| 041 | 0 | |a slo | |
| 044 | |a SK | ||
| 245 | 1 | 0 | |a Family Business Under Oligopolistic Conditions |c Zuzana Jakubová |
| 520 | |a Špecifické znaky, silné a slabé stránky rodinných podnikov. Skúmanie rodinného podniku v oblasti drogérie. Porovnanie s ostatnými členmi trhu. | ||
| 610 | 2 | 0 | |a oligopoly |
| 610 | 2 | 0 | |a podnik rodinný |
| 610 | 2 | 0 | |a maloobchod |
| 610 | 2 | 0 | |a trh |
| 610 | 2 | 0 | |a porovnanie cenové |
| 610 | 2 | 0 | |a tržby |
| 100 | 1 | |a Jakubová, Zuzana, 1994- | |